000 01772cam a2200409 i 4500
001 1901
005 20240105090254.0
020 _a9780394800790
040 _aFTaL
_beng
_cDLC
_dFTL
_dBAKER
_dBTCTA
_dYDXCP
_dXY4
_dCUS
_dU9S
_dLF8
_dOCLCQ
_dNSB
_dMNW
_dBDX
_dNSB
_dUOI
_dTXBXL
_dOCLCQ
_dOCLCF
_dOCLCA
_dOCLCQ
_dT7F
_dUAH
_dOCLCO
_dCZL
_dCGB
_dOCLCQ
_dIAD
_dOCL
_dOCLCQ
_dOCLCO
_dALRCP
_dOCLCQ
_dQQ3
_dTXJAS
_dCKI
_dOCLCO
_dCPO
_dLENOT
_dOCLCO
_dXFF
_dIHV
_dLMJ
_dTL4
_dOCLCA
_dJX9
_dNJT
_dOCLCO
_dDLC
_dFISKH
_erda
050 0 0 _aPZ8.3.G276
_bHq 1985
082 0 4 _a[E]
_220
100 1 _aGeisel, Theodor Seuss
_cDr.
_d1904--1991
245 1 0 _aHow the Grinch stole Christmas /
_cby Dr. Seuss.
260 _aNew York :
_bRandom House,
_c[1957]
300 _a60 unnumbered pages :
_bcolor illustrations ;
_c29 cm.
505 _aK
520 _aThe Grinch tries to stop Christmas from arriving by stealing all the presents and food from the village, but much to his surprise it comes anyway.
521 8 _a590
_bLexile
521 8 _aK
_bRaz-Plus
650 0 _aGrinch (Fictitious character)
_vJuvenile fiction.
650 0 _aChristmas stories.
650 1 _aChristmas
_vFiction.
650 1 _aStories in rhyme.
650 6 _aNoël
_vOuvrages illustrés.
650 6 _aNoël
_vContes.
650 6 _aHistoires rimées
_vOuvrages illustrés.
650 7 _aChristmas stories.
_2fast
_0(OCoLC)fst00859866
650 7 _aGrinch (Fictitious character)
_2fast
_0(OCoLC)fst00947949
655 4 _aChristmas fiction.
655 4 _aPicture books for children.
655 4 _aStories in rhyme.
655 7 _aStories in rhyme.
_2fast
_0(OCoLC)fst01921738
655 7 _aFiction.
_2fast
_0(OCoLC)fst01423787
655 7 _aJuvenile works.
_2fast
_0(OCoLC)fst01411637
655 7 _aFantasy fiction.
_2lcgft
942 _2ddc
_cBK
_n0
999 _c1901
_d1901